1737 1387 1416 1370 1710 1232 1072 1579 1184 1076 1617 1767 1981 1083 1037 1465 1433 1544 1136 1250 1350 1035 1613 1676 1360 1522 1039 1173 1275 1338 1192 1087 1654 1475 1545 1636 1208 1318 1286 1618 1747 1624 1428 1806 1053 1016 1947 1872 1734 1390 1071 1174 1699 1100 1486 1631 1859 1018 1050 1991 1968 1350 1110 1513 1567 1122 1931 1919 1789 1614 1739 1507 1498 1884 1349 1653 1882 1230 1223 1836 1648 1429 1255 1207 1368 1318 1065 1703 1351 1111 1461 1017 1766 1334 1991 1780 1127 1216 1557 BCNSPRNW ULIB Ver.6.0+V

เปลี่ยนเป็นภาษาไทย

Change to English
 แสดงรายละเอียดบรรณานุกรม
  กลับหน้าหลัก

Brief Record : Get Marc (ISO 2709) : E-mail record : QR code < ปิดหน้าต่าง
LEADER : 00000nam 2200000uu 4500
001    13399109238
003     ULIB
008    110324s2543||||th 000 0 tha d
020    9742990573
060 04 WA540JT3^bว549ก 2543
100 0  กาญจนศักดิ์ ผลบูรณ์
245 10 การจัดการสิ่งแวดล้อมในระบบสุขภาพ /^cกาญจนศักดิ์ ผลบูรณ์
250    พิมพ์ครั้งที่ 1
260    นนทบุรี :^bสถาบันวิจัยระบบสาธารณสุข,^c2543
300    (6), 78 หน้า ;^c26 ซม.
490 0  ชุดสุขภาพคนไทยปี พ.ศ. 2543
650  7 อนามัยสิ่งแวดล้อม
710 2  สถาบันวิจัยระบบสาธารณสุข
711 2  การประชุมวิชาการสถาบันวิจัยระบบสาธารณสุขเรื่องภูมิปัญญาประชาคมสู่สุขภาพประชาชาติไทย^n(ครั้งที่ 3 :^d2543:^cกรุงเทพมหานคร)
945    ^p0^l0^i013029
995    ทศพร
999 ^a ใช้งานได้ทุกระบบ
รายการนี้ยังไม่มีแท็ก
คุณยังไม่ได้ล็อกอิน คุณสามารถมีกิจกรรมร่วมกับเว็บไซต์ได้ แต่ต้องล็อกอินก่อน ::
  ล็อกอิน

รายการสื่อสารสนเทศ

ลำดับที่ ประเภท เลขเรียก/บาร์โค้ด สถานที่ สถานะ
- ไม่พบข้อมูล -

รายการใกล้เคียง
    หัวเรื่อง [อนามัยสิ่งแวดล้อม]

BibComment


ยังไม่เคยถูกคอมเมนท์

คอมเมนท์ทรัพยากรรายการนี้
  คอมเมนท์: การจัดการสิ่งแวดล..


 Copyright 2026. Bcnsprnw @Library